Advances in web mining and web usage analysis : (رقم التسجيلة. 32449)
[ عرض عادي ]
| 000 -الفاتح | |
|---|---|
| حقل البيانات ثابتة الطول | 02331cam a22004697a 4500 |
| 001 - رقم الضبط | |
| رقم الضبط | 15600068 |
| 003 - محدد رقم الضبط | |
| رقم الضبط | OSt |
| 005 - وقت وتاريخ اخر تعامل مع التسجيلة | |
| رقم الضبط | 20150408114156.0 |
| 008 - عناصر البيانات ثابتة الطول - معلومات عامة | |
| حقل البيانات ثابتة الطول | 090123s2009 gw a b 101 0 eng d |
| 010 ## - رقم ضبط مكتبة الكونجرس | |
| رقم ضبط مكتبة الكونجرس | 2009921448 |
| 015 ## - رقم الببليوجرافية الوطنية | |
| رقم الببليوجرافية الوطنية | 99239872X |
| المصدر | dnb |
| 020 ## - الرقم الدولى المعيارى للكتب | |
| الرقم الدولى المعيارى للكتاب | 9783642005275 (pbk. : acidfree paper) |
| 020 ## - الرقم الدولى المعيارى للكتب | |
| الرقم الدولى المعيارى للكتاب | 3642005276 (pbk : acidfree paper) |
| 035 ## - رقم ضبط النظام | |
| رقم ضبط النظام | (OCoLC)ocn320934397 |
| 040 ## - مصدر الفهرسة | |
| وكالة الفهرسة الأصلية | ZCU |
| وكالة النسخ | ZCU |
| وكالة التعديل | IXA |
| -- | OCLCA |
| -- | GBVCP |
| -- | BTCTA |
| -- | OHX |
| -- | YDXCP |
| -- | DLC |
| 042 ## - رمز التحقق | |
| رمز التحقق | lccopycat |
| 050 00 - رقم طلب مكتبة الكونجرس | |
| رقم التصنيف | ZA4235 |
| رقم المادة | .W43 2007 |
| 082 ## - رقم تصنيف ديوى العشرى | |
| رقم الطبعة | 22 |
| رقم التصنيف | 006.3 |
| رقم المادة | WEB |
| 111 2# - المدخل الرئيسى - اسم مؤتمر | |
| اسم المؤتمر أو اسم السلطة كمدخل | WebKDD 2007 |
| تاريخ الاجتماع | (2007 : |
| موقع المؤتمر | San Jose, Calif.) |
| 9 (RLIN) | 3500 |
| 245 10 - بيان العنوان | |
| العنوان | Advances in web mining and web usage analysis : |
| بقية العنوان | 9th International Workshop on Knowledge Discovery on the Web, WebKDD 2007, and 1st International Workshop on Social Networks Analysis, SNA-KDD 2007, San Jose, CA, USA, August 12-15, 2007 : revised papers / |
| بيان المسئوليه,etc | Haizheng Zhang ... [et al.] (eds.). |
| 246 30 - العنوان الموازى | |
| عنوان صحيح/عنوان مختصر | 9th International Workshop on Knowledge Discovery on the Web |
| 246 3# - العنوان الموازى | |
| عنوان صحيح/عنوان مختصر | Ninth International Workshop on Knowledge Discovery on the Web |
| 246 30 - العنوان الموازى | |
| عنوان صحيح/عنوان مختصر | International Workshop on Knowledge Discovery on the Web |
| 246 30 - العنوان الموازى | |
| عنوان صحيح/عنوان مختصر | 1st International Workshop on Social Networks Analysis |
| 246 30 - العنوان الموازى | |
| عنوان صحيح/عنوان مختصر | WebKDD 2007 |
| 246 30 - العنوان الموازى | |
| عنوان صحيح/عنوان مختصر | SNA-KDD 2007 |
| 260 ## - PUBLICATION, DISTRIBUTION, ETC. (IMPRINT) | |
| مكان الناشر او الموزع | Berlin ; |
| -- | New York : |
| اسم الناشر او الموزع | Springer, |
| تاريخ النشر أو التوزيع | c2009. |
| 300 ## - الوصف المادى | |
| التعداد | x, 153 p. : |
| تفاصيل ماديه اخرى للوعاء | ill., map ; |
| أبعاد الوعاء | 24 cm. |
| 490 1# - بيان السلسلة | |
| عنوان السلسلة | Lecture notes in computer science, |
| الرقم الدولى المعيارى للدوريات | 0302-9743 ; |
| رقم المجلد/ التعيين التسلسلي | 5439. |
| عنوان السلسلة | Lecture notes in artificial intelligence |
| 504 ## - تبصرة ببليوجرافية | |
| تبصرة ببليوجرافية,الخ | Includes bibliographical references and index. |
| 650 #0 - المدخل الاضافى بالموضوع-مصطلح موضوعى | |
| مصطلح موضوعي أو اسم جغرافي كعنصر مدخل | Web usage mining |
| التقسيم الفرعي الشكلي | Congresses. |
| 9 (RLIN) | 3501 |
| 650 #0 - المدخل الاضافى بالموضوع-مصطلح موضوعى | |
| مصطلح موضوعي أو اسم جغرافي كعنصر مدخل | Internet users |
| التقسيم الفرعي الشكلي | Congresses. |
| 9 (RLIN) | 3502 |
| 650 #4 - المدخل الاضافى بالموضوع-مصطلح موضوعى | |
| مصطلح موضوعي أو اسم جغرافي كعنصر مدخل | World Wide Web |
| التقسيم الفرعي العام | Data Mining |
| -- | Benutzerorientierung |
| التقسيم الفرعي الشكلي | Kongress |
| التقسيم الفرعي الجغرافي | San Jose <Calif., 2007> |
| 9 (RLIN) | 3503 |
| 650 #4 - المدخل الاضافى بالموضوع-مصطلح موضوعى | |
| مصطلح موضوعي أو اسم جغرافي كعنصر مدخل | World Wide Web |
| التقسيم الفرعي العام | Wissensextraktion |
| -- | Benutzerorientierung |
| التقسيم الفرعي الشكلي | Kongress |
| التقسيم الفرعي الجغرافي | San Jose <Calif., 2007> |
| 9 (RLIN) | 3504 |
| 700 1# - المدخل الاضافى - اسم شخصى | |
| الإسم الشخصى | Zhang, Haizheng, |
| التواريخ المصاحبة للاسم | 1982- |
| 9 (RLIN) | 3505 |
| 711 2# - المدخل الاضافى -عنوان مؤتمر | |
| اسم المؤتمر أو اسم السلطة كمدخل | International Workshop on Social Networks Analysis |
| رقم جزء/قسم/الاجتماع | (1st : |
| تاريخ الاجتماع | 2007 : |
| موقع المؤتمر | San Jose, Calif.) |
| 9 (RLIN) | 3506 |
| 830 #0 - المدخل الاضافى بالسلسلة -عنوان موحد | |
| عنوان موحد | Lecture notes in computer science ; |
| رقم المجلد/ التعيين التسلسلي | 5439. |
| 9 (RLIN) | 3507 |
| 830 #0 - المدخل الاضافى بالسلسلة -عنوان موحد | |
| عنوان موحد | Lecture notes in computer science. |
| اسم جزء/قسم العمل | Lecture notes in artificial intelligence. |
| 906 ## - عنصر بيانات محلى F, LDF (RLIN) | |
| a | 7 |
| b | cbc |
| c | copycat |
| d | 2 |
| e | ncip |
| f | 20 |
| g | y-gencatlg |
| 942 ## - عناصر المدخل الإضافي( كوها) | |
| مصدر التصنيف او مخطط الترفيف | Dewey Decimal Classification |
| Koha [default] item type | DVD |
| حالة الفقد | نموذج السعر الفعال | حالة تلف | ليس للاعارة | رقم الطلب | تاريخ الاكتساب | الموقع الحالي | الفرع الرئيسي | Date last seen | نوع المادة فى نظام كوها | مصدر التصنيف او خطة الترفيف | Total Checkouts |
|---|---|---|---|---|---|---|---|---|---|---|---|
| 2013-11-23 | 006.3 WEB | 2013-11-23 | المكتبة المركزية بالمجمعة (CL) | المكتبة المركزية بالمجمعة (CL) | 2013-11-23 | كتاب | Dewey Decimal Classification |
